000
00291nam a22001337a 4500
008
170616b xxu||||| |||| 00| 0 eng d
020
_a
9781111342791
041
_a
eng
080
_2
5TH
_a
32
100
_a
20
101
_a
SHP
245
_a
ANALYZING POLITICS
_c
GRIGSBY,E
942
_2
udc
_c
BK
999
_c
17876
_d
17876